• 首页
  • 本馆介绍
  • 公告通知
  • 最新文献
  • 馆藏检索
  • 电子资源
  • 读者导购
  • 参考咨询
  • 我的图书馆
  • 登录
  • 详细信息显示
  • 放入我的书架
  • 预约/预借图书
  • 作者相关作品
  • 分类相关作品
  • 丛书相关作品
  • 出版社相关作品

书目信息

  • 表格格式
  • 工作单格式
  • 卡片格式
题名:
退人还山
    
 
作者: 曾震亚 主编
分册:  
出版信息: 北京   民族出版社  2005
页数: 279页
开本: 24cm
丛书名:
单 册:
中图分类: F323.212-53
科图分类:
主题词: 山区开发--中国--文集 , 山区开发
电子资源:
ISBN: 7-105-07310-1
000 00952nam0 2200265 450
001 003083250
005 20070807145543.95
010    @a7-105-07310-1@dCNY30.00
035    @a003083250
100    @a20060124d2005 emky0chiy0110 ea
101 0  @achi
102    @aCN@b110000
105    @ay z 000yy
106    @ar
200 1  @a退人还山@Atui ren huan shan@e贫困山区发展新思路@Epin kun shan qu fa zhan xin si lu@f曾震亚主编@Fzeng zhen ya zhu bian
210    @a北京@c民族出版社@d2005
215    @a279页@d24cm
330    @a本书作者收集了30多篇论文,对退人还山战略进行了较为全面的探讨。有的文章用大量的事实说明,不具备生存条件的地区必须实施退人还山。有的文章从理论上分析了退人还山的必要性。
517 1  @a贫困山区发展新思路@Apin kun shan qu fa zhan xin si lu
606 0  @a山区开发@y中国@j文集
606 0  @a山区开发
690    @aF323.212-53@v4
701  0 @a曾震亚@Azeng zhen ya@4主编
801  0 @aCN@bNLC@c20070807
905    @dF323.212-53@e105@f2
    
    退人还山:贫困山区发展新思路/曾震亚主编.-北京:民族出版社,2005
    279页;24cm
    
    
    ISBN 7-105-07310-1:CNY30.00
    本书作者收集了30多篇论文,对退人还山战略进行了较为全面的探讨。有的文章用大量的事实说明,不具备生存条件的地区必须实施退人还山。有的文章从理论上分析了退人还山的必要性。
●
相关链接 在E读中查询图书 在五车中查询图书 在当当中查询图书 在豆瓣中查询图书


正题名:退人还山     索取号:F323.212-53/105         预约/预借

序号 登录号 条形码 馆藏地/架位号 状态 备注
1 0853021   208530213   第一样本阅览室/ [索取号:F323.212-53/105] 在馆    
2 0853022   208530222   第一借阅区/ [索取号:F323.212-53/105] 在馆    
唐山师范学院图书馆 欢迎您!
大连网信软件有限公司© 版权所有